000 00451nam a2200181Ia 4500
003 GCL
008 140319s9999 xx 000 0 eng d
040 _aGCL /
_cGCL
082 0 4 _a320.1
_bP R
100 1 _aPORTELLI,HUGUES
245 1 0 _aLES REGIMES POLITIGUES EUROPIENS /
_cPORTELLI,HUGUES
260 _a[S.N] :
_bBRODAD ،
_c1994
300 _a211P
490 _aLE LIVRE DE POCHE
_v0
650 0 4 _aEUROPE
650 0 4 _aPOLICY
942 _2ddc
_cBK
999 _c11243
_d11243